000 01071cam a22002897a 4500
999 _c5024
_d5024
001 48566
003 GBCCL
005 20241126110532.0
008 930719t19891968ilua 000 0 eng
010 _a 93178871
020 _a0802444849
040 _aDLC
_cDLC
_dDLC
050 0 0 _aBS1305.5
_b.J46 1968
082 _a220.07
_a222.3061
_bJEN
100 1 _aJensen, Irving L.
_q(Irving Lester),
_d1920-
_94208
245 1 0 _aJudges & Ruth :
_ba self-study guide /
_cIrving L. Jensen.
260 _aChicago :
_bMoody Press,
_c[1989?], c1968.
300 _a93 p. :
_bill. ;
_c22 cm.
630 0 0 _aBible.
_pJudges
_xStudy and teaching.
_98147
630 0 0 _aBible.
_pRuth
_xStudy and teaching.
_98148
740 0 _aJudges and Ruth.
856 4 2 _3Contributor biographical information
_uhttp://www.loc.gov/catdir/enhancements/fy1105/93178871-b.html
856 4 2 _3Publisher description
_uhttp://www.loc.gov/catdir/enhancements/fy1105/93178871-d.html
906 _a0
_bibc
_corignew
_d4
_encip
_f19
_gy-gencatlg
942 _2ddc
_cBK
_02